000 00976 a2200181 4500
003 Nust
005 20250912154119.0
040 _cNust
082 _a530.141,PLO
100 _aPlonsey, Robert
_9130464
245 _aPrinciples and applications of elctromagnetic fields /
_cRobert Plonsey and Robert E. Collin
260 _aNew York
_bMcGraw-Hill
_c1961
300 _a554 p.
_billus.
_c24 cm.
505 _aVector Analysis (Page-1), Electrostatics (Page-39), Electrostatic Field In Material Bodies , Energy And Forces (Page-79), Solution Of Boundary Value Problems (Page-119), Stationary Currents (Page-164), Static Magnetic Field In Vacuum (Page-198), Magnetic Field In Material Bodies (Page-226), Time Dependant Fields (Page-299), Plane Waves, Waveguide And Resonators (Page-342), Radiation And Antennas (Page-393), Interaction Of Charge Particles With Fields (Page-425).
650 _aElectromagnetic fields.
_910532
700 _aCollin, Robert E.
_9616
942 _2ddc
_cBK
999 _c180551
_d180551